[Event "v4camp2016"]
[Site "?"]
[Date "2016.06.25"]
[Round "7.11"]
[White "Rog, Mateusz"]
[Black "Zakharikov, Ivan"]
[Result "1/2-1/2"]
[BlackElo "1982"]
[WhiteElo "1403"]
[LiveChessVersion "1.4.8"]

1. e4 {[%clk 1:30:57]} e5 {[%clk 1:30:54]} 2. Nf3 {[%clk 1:31:15]} Nc6
{[%clk 1:31:18]} 3. Bc4 {[%clk 1:31:38]} Bc5 {[%clk 1:31:42]} 4. O-O
{[%clk 1:31:38]} Nf6 {[%clk 1:31:54]} 5. d3 {[%clk 1:31:29]} a6 {[%clk 1:30:01]}
6. c3 {[%clk 1:31:34]} Ba7 {[%clk 1:22:58]} 7. Bb3 {[%clk 1:31:35]} O-O
{[%clk 1:23:00]} 8. Nbd2 {[%clk 1:31:22]} d6 {[%clk 1:22:31]} 9. Re1
{[%clk 1:31:13]} Be6 {[%clk 1:16:08]} 10. Bc2 {[%clk 1:31:28]} Re8
{[%clk 1:12:23]} 11. Nf1 {[%clk 1:30:38]} h6 {[%clk 1:09:01]} 12. h3
{[%clk 1:21:43]} d5 {[%clk 1:02:45]} 13. Qe2 {[%clk 1:12:27]} d4 {[%clk 0:55:46]}
14. Ng3 {[%clk 1:11:53]} Qd7 {[%clk 0:45:52]} 15. Nh4 {[%clk 1:08:45]} dxc3
{[%clk 0:35:19]} 16. bxc3 {[%clk 1:08:43]} Bxh3 {[%clk 0:25:30]} 17. gxh3
{[%clk 1:08:08]} Qxh3 {[%clk 0:25:55]} 18. Nhf5 {[%clk 1:03:35]} Ng4
{[%clk 0:25:57]} 19. Be3 {[%clk 1:03:28]} Qh2+ {[%clk 0:24:07]} 20. Kf1
{[%clk 1:03:52]} Qh3+ {[%clk 0:24:10]} 21. Kg1 {[%clk 1:04:20]} Qh2+
{[%clk 0:22:36]} 22. Kf1 {[%clk 1:04:42]} Qh3+ {[%clk 0:15:49]} 23. Kg1
{[%clk 1:05:03]} Qh2+ {[%clk 0:14:30]} 24. Kf1 {[%clk 1:05:20]} Qh3+
{[%clk 0:14:44]} 1/2-1/2

[Event "v4camp2016"]
[Site "?"]
[Date "2016.06.25"]
[Round "7.12"]
[White "Khlopushin, Dmitriy"]
[Black "Surpeta, Julia"]
[Result "1-0"]
[BlackElo "1492"]
[WhiteElo "1697"]
[LiveChessVersion "1.4.8"]

1. e4 {[%clk 1:30:58]} b6 {[%clk 1:29:38]} 2. d4 {[%clk 1:30:47]} Bb7
{[%clk 1:29:44]} 3. Bd3 {[%clk 1:31:00]} e6 {[%clk 1:29:27]} 4. Nf3
{[%clk 1:30:51]} Be7 {[%clk 1:26:59]} 5. O-O {[%clk 1:28:43]} c5 {[%clk 1:26:47]}
6. c3 {[%clk 1:22:42]} Nf6 {[%clk 1:26:55]} 7. Nbd2 {[%clk 1:22:46]} O-O
{[%clk 1:26:34]} 8. Re1 {[%clk 1:22:52]} d5 {[%clk 1:25:04]} 9. e5
{[%clk 1:23:12]} Nfd7 {[%clk 1:25:23]} 10. Nf1 {[%clk 1:23:15]} Nc6
{[%clk 1:22:41]} 11. Qc2 {[%clk 1:21:44]} h6 {[%clk 1:21:57]} 12. Be3
{[%clk 1:20:39]} Rc8 {[%clk 1:21:29]} 13. Qd2 {[%clk 1:21:03]} cxd4
{[%clk 1:21:40]} 14. Bxh6 {[%clk 1:20:42]} dxc3 {[%clk 1:17:18]} 15. bxc3
{[%clk 1:20:41]} d4 {[%clk 1:17:14]} 16. Qf4 {[%clk 1:19:30]} f6 {[%clk 1:14:29]}
17. Bxg7 {[%clk 1:19:01]} Rf7 {[%clk 1:11:20]} 18. Bh6 {[%clk 1:17:58]} Ndxe5
{[%clk 1:10:15]} 19. Nxe5 {[%clk 1:16:06]} Nxe5 {[%clk 1:10:39]} 20. Rxe5
{[%clk 1:16:20]} fxe5 {[%clk 1:10:39]} 21. Qg4+ {[%clk 1:16:46]} Kh8
{[%clk 1:10:49]} 22. Qh5 {[%clk 1:16:49]} Qg8 {[%clk 1:08:47]} 23. Bf4+
{[%clk 1:17:06]} Kg7 {[%clk 1:08:41]} 24. Qh6# {[%clk 1:17:31]} 1-0

[Event "v4camp2016"]
[Site "?"]
[Date "2016.06.25"]
[Round "7.13"]
[White "Buco, Martin"]
[Black "Janecek, Miroslav"]
[Result "1-0"]
[BlackElo "1454"]
[WhiteElo "1689"]
[LiveChessVersion "1.4.8"]

1. e4 {[%clk 1:30:58]} c5 {[%clk 1:30:43]} 2. Nc3 {[%clk 1:31:27]} g6
{[%clk 1:30:35]} 3. f4 {[%clk 1:31:53]} Bg7 {[%clk 1:31:00]} 4. Nf3
{[%clk 1:32:21]} Nc6 {[%clk 1:31:18]} 5. Bb5 {[%clk 1:32:48]} d6 {[%clk 1:30:52]}
6. Bxc6+ {[%clk 1:33:14]} bxc6 {[%clk 1:31:15]} 7. d3 {[%clk 1:33:42]} Bg4
{[%clk 1:27:03]} 8. O-O {[%clk 1:33:03]} c4 {[%clk 1:24:06]} 9. h3
{[%clk 1:26:55]} Bxf3 {[%clk 1:24:17]} 10. Qxf3 {[%clk 1:27:23]} cxd3
{[%clk 1:24:17]} 11. cxd3 {[%clk 1:27:51]} Qb6+ {[%clk 1:21:26]} 12. Kh1
{[%clk 1:27:50]} e6 {[%clk 1:17:29]} 13. f5 {[%clk 1:27:26]} exf5
{[%clk 1:14:11]} 14. exf5 {[%clk 1:26:32]} f6 {[%clk 1:13:06]} 15. Re1+
{[%clk 1:18:25]} Kd7 {[%clk 1:07:39]} 16. Qe4 {[%clk 1:18:27]} Kc7
{[%clk 1:06:50]} 17. Qe6 {[%clk 1:18:03]} Bh6 {[%clk 1:05:55]} 18. Qf7+
{[%clk 1:18:08]} 1-0

[Event "v4camp2016"]
[Site "?"]
[Date "2016.06.25"]
[Round "7.14"]
[White "Palyza, Lukas"]
[Black "Poliakova, Emma"]
[Result "0-1"]
[BlackElo "1826"]
[WhiteElo "1348"]
[LiveChessVersion "1.4.8"]

1. e4 {[%clk 1:30:59]} c5 {[%clk 1:30:55]} 2. Nf3 {[%clk 1:31:24]} Nc6
{[%clk 1:31:18]} 3. d4 {[%clk 1:31:45]} cxd4 {[%clk 1:31:31]} 4. Nxd4
{[%clk 1:32:11]} Nf6 {[%clk 1:31:55]} 5. Nc3 {[%clk 1:32:24]} e5 {[%clk 1:32:00]}
6. Nf3 {[%clk 1:32:24]} Bb4 {[%clk 1:31:30]} 7. Bd3 {[%clk 1:28:58]} Bxc3+
{[%clk 1:27:50]} 8. bxc3 {[%clk 1:29:18]} O-O {[%clk 1:28:09]} 9. Bg5
{[%clk 1:26:57]} d6 {[%clk 1:25:21]} 10. h3 {[%clk 1:23:58]} Be6 {[%clk 1:23:42]}
11. O-O {[%clk 1:21:30]} Qe7 {[%clk 1:19:17]} 12. a3 {[%clk 1:16:32]} Rfd8
{[%clk 1:17:21]} 13. Rb1 {[%clk 1:14:20]} Rab8 {[%clk 1:14:28]} 14. Qe2
{[%clk 1:11:49]} Kh8 {[%clk 1:11:48]} 15. Rfd1 {[%clk 1:09:43]} h6
{[%clk 1:09:19]} 16. Be3 {[%clk 1:05:06]} d5 {[%clk 1:05:21]} 17. exd5
{[%clk 0:50:51]} Bxd5 {[%clk 0:58:28]} 18. Bb5 {[%clk 0:45:17]} a6
{[%clk 0:50:00]} 19. Bxc6 {[%clk 0:41:41]} Bxc6 {[%clk 0:49:54]} 20. Bd4
{[%clk 0:39:05]} Bxf3 {[%clk 0:46:25]} 21. gxf3 {[%clk 0:35:35]} Re8
{[%clk 0:45:28]} 22. Re1 {[%clk 0:32:04]} Qxa3 {[%clk 0:32:52]} 23. Bxe5
{[%clk 0:31:03]} Nd7 {[%clk 0:28:52]} 24. Rxb7 {[%clk 0:19:01]} Rxb7
{[%clk 0:27:37]} 25. Bxg7+ {[%clk 0:19:19]} Kxg7 {[%clk 0:27:51]} 26. Qxe8
{[%clk 0:19:36]} Nf6 {[%clk 0:26:45]} 27. Qc6 {[%clk 0:18:30]} Rb5
{[%clk 0:26:01]} 28. f4 {[%clk 0:17:57]} Rb8 {[%clk 0:22:59]} 29. Qg2+
{[%clk 0:17:06]} Kh8 {[%clk 0:21:28]} 30. Qc6 {[%clk 0:16:32]} Rg8+
{[%clk 0:19:35]} 31. Kh2 {[%clk 0:16:47]} Nh7 {[%clk 0:19:02]} 32. Qxh6
{[%clk 0:14:58]} Qxc3 {[%clk 0:18:13]} 33. Re5 {[%clk 0:12:06]} Qf3
{[%clk 0:17:32]} 34. Rg5 {[%clk 0:11:32]} Qxf4+ 0-1

[Event "v4camp2016"]
[Site "?"]
[Date "2016.06.25"]
[Round "7.16"]
[White "Vavrinkova, Anna"]
[Black "Hrebicik, David"]
[Result "0-1"]
[BlackElo "1721"]
[WhiteElo "1333"]
[LiveChessVersion "1.4.8"]

1. e4 {[%clk 1:30:58]} c5 {[%clk 1:30:55]} 2. Nf3 {[%clk 1:30:48]} d6
{[%clk 1:31:19]} 3. Bb5+ {[%clk 1:29:25]} Bd7 {[%clk 1:31:37]} 4. Bxd7+
{[%clk 1:26:31]} Qxd7 {[%clk 1:31:34]} 5. O-O {[%clk 1:24:56]} Nc6
{[%clk 1:31:55]} 6. c4 {[%clk 1:22:46]} Nf6 {[%clk 1:31:55]} 7. Re1
{[%clk 1:20:54]} g6 {[%clk 1:29:50]} 8. d3 {[%clk 1:15:05]} Bg7 {[%clk 1:30:12]}
9. Nc3 {[%clk 1:11:57]} O-O {[%clk 1:30:25]} 10. Be3 {[%clk 1:08:31]} Ng4
{[%clk 1:30:07]} 11. Bd2 {[%clk 1:06:44]} f5 {[%clk 1:26:54]} 12. Qc2
{[%clk 1:03:35]} Bxc3 {[%clk 1:19:50]} 13. Bxc3 {[%clk 1:03:01]} e5
{[%clk 1:20:03]} 14. h3 {[%clk 1:02:22]} Nh6 {[%clk 1:17:44]} 15. Qd2
{[%clk 1:00:30]} f4 {[%clk 1:17:13]} 16. b3 {[%clk 1:00:01]} Qe7 {[%clk 1:11:38]}
17. Rad1 {[%clk 0:57:40]} Kh8 {[%clk 1:11:06]} 18. Re2 {[%clk 0:55:00]} g5
{[%clk 1:10:34]} 19. Nh2 {[%clk 0:54:14]} Qe6 {[%clk 1:06:52]} 20. f3
{[%clk 0:53:18]} Ng8 {[%clk 1:04:50]} 21. Rf1 {[%clk 0:52:53]} h5
{[%clk 1:01:45]} 22. Qe1 {[%clk 0:51:22]} Rf6 {[%clk 0:58:40]} 23. h4
{[%clk 0:49:53]} g4 {[%clk 0:57:26]} 24. fxg4 {[%clk 0:49:29]} hxg4
{[%clk 0:57:53]} 25. Qd2 {[%clk 0:49:04]} Kh7 {[%clk 0:55:03]} 26. Kh1
{[%clk 0:47:29]} Rh6 {[%clk 0:50:26]} 27. Qe1 {[%clk 0:47:22]} g3
{[%clk 0:47:01]} 28. Nf3 {[%clk 0:47:19]} Rxh4+ {[%clk 0:44:12]} 29. Kg1
{[%clk 0:45:14]} Qh6 {[%clk 0:43:43]} 0-1

[Event "v4camp2016"]
[Site "?"]
[Date "2016.06.25"]
[Round "7.17"]
[White "Sankova, Stella"]
[Black "Chwistek, Karel"]
[Result "1/2-1/2"]
[BlackElo "1945"]
[WhiteElo "1792"]
[LiveChessVersion "1.4.8"]

1. c4 {[%clk 1:30:58]} Nf6 {[%clk 1:29:16]} 2. Nc3 {[%clk 1:31:20]} e6
{[%clk 1:29:38]} 3. g3 {[%clk 1:30:59]} b6 {[%clk 1:28:57]} 4. Bg2
{[%clk 1:31:09]} c6 {[%clk 1:29:22]} 5. Nf3 {[%clk 1:30:30]} Be7 {[%clk 1:29:13]}
6. O-O {[%clk 1:30:25]} O-O {[%clk 1:28:42]} 7. d4 {[%clk 1:24:34]} d5
{[%clk 1:27:12]} 8. Ne5 {[%clk 1:21:28]} Bb7 {[%clk 1:25:47]} 9. e4
{[%clk 1:18:48]} Nbd7 {[%clk 1:21:42]} 10. exd5 {[%clk 1:17:13]} cxd5
{[%clk 1:19:56]} 11. Re1 {[%clk 1:14:41]} Bb4 {[%clk 1:17:20]} 12. Bf4
{[%clk 1:02:59]} Bxc3 {[%clk 1:13:27]} 13. bxc3 {[%clk 1:03:21]} Rc8
{[%clk 1:05:42]} 14. Rc1 {[%clk 0:52:52]} Qe7 {[%clk 0:58:09]} 15. Bg5
{[%clk 0:50:15]} Qa3 {[%clk 0:48:53]} 16. Qb3 {[%clk 0:49:32]} Qa6
{[%clk 0:45:16]} 17. cxd5 {[%clk 0:39:02]} Nxe5 {[%clk 0:43:53]} 18. dxe5
{[%clk 0:37:50]} Nxd5 {[%clk 0:41:54]} 19. c4 {[%clk 0:36:54]} Nc7
{[%clk 0:40:27]} 20. Bxb7 {[%clk 0:35:28]} Qxb7 {[%clk 0:40:55]} 21. Be7
{[%clk 0:33:51]} Rfe8 {[%clk 0:41:14]} 22. Bd6 {[%clk 0:34:08]} Na6
{[%clk 0:35:14]} 1/2-1/2

[Event "v4camp2016"]
[Site "?"]
[Date "2016.06.25"]
[Round "7.18"]
[White "Gemsa, Pavel"]
[Black "Cibikova, Sofia Anna"]
[Result "1-0"]
[BlackElo "1716"]
[WhiteElo "1973"]
[LiveChessVersion "1.4.8"]

1. e4 {[%clk 1:30:58]} e6 {[%clk 1:30:54]} 2. Nf3 {[%clk 1:31:15]} d5
{[%clk 1:31:02]} 3. e5 {[%clk 1:31:31]} c5 {[%clk 1:30:48]} 4. b4
{[%clk 1:31:54]} Bd7 {[%clk 1:29:56]} 5. bxc5 {[%clk 1:31:24]} Bxc5
{[%clk 1:29:57]} 6. d4 {[%clk 1:31:25]} Bb6 {[%clk 1:29:32]} 7. Bd3
{[%clk 1:31:02]} Nc6 {[%clk 1:28:05]} 8. c3 {[%clk 1:31:26]} Nge7
{[%clk 1:27:01]} 9. Ng5 {[%clk 1:30:05]} h6 {[%clk 1:22:30]} 10. Nh3
{[%clk 1:17:45]} Rc8 {[%clk 1:18:12]} 11. Qg4 {[%clk 1:17:21]} Nxd4
{[%clk 1:10:41]} 12. Qxg7 {[%clk 1:15:44]} Rg8 {[%clk 1:10:21]} 13. Qxh6
{[%clk 1:15:08]} Ndf5 {[%clk 1:06:18]} 14. Bxf5 {[%clk 1:13:56]} Nxf5
{[%clk 1:05:03]} 15. Qh7 {[%clk 1:13:52]} Rf8 {[%clk 1:02:34]} 16. O-O
{[%clk 1:13:55]} Rc4 {[%clk 0:59:19]} 17. Bg5 {[%clk 0:56:43]} Qc8
{[%clk 0:57:20]} 18. Nf4 {[%clk 0:54:38]} Bd8 {[%clk 0:51:07]} 19. Bxd8
{[%clk 0:54:07]} Qxd8 {[%clk 0:51:16]} 20. Nh5 {[%clk 0:53:14]} Ke7
{[%clk 0:46:40]} 21. Ng7 {[%clk 0:50:23]} Rg4 {[%clk 0:40:10]} 22. Nxf5+
{[%clk 0:49:17]} exf5 {[%clk 0:40:32]} 23. Qh6 {[%clk 0:49:17]} Rg6
{[%clk 0:38:18]} 24. Qh4+ {[%clk 0:49:31]} Ke8 {[%clk 0:38:12]} 25. Qxd8+
{[%clk 0:49:48]} Kxd8 {[%clk 0:38:33]} 26. f4 {[%clk 0:49:05]} f6
{[%clk 0:36:30]} 27. Nd2 {[%clk 0:48:20]} fxe5 {[%clk 0:35:32]} 28. fxe5
{[%clk 0:48:43]} Rfg8 {[%clk 0:35:39]} 29. Rf2 {[%clk 0:47:12]} f4
{[%clk 0:34:31]} 30. Kh1 {[%clk 0:47:09]} Rh8 {[%clk 0:33:46]} 31. Rxf4
{[%clk 0:46:27]} Rgh6 {[%clk 0:34:03]} 32. Nf3 {[%clk 0:45:45]} Rc6
{[%clk 0:30:11]} 33. Rc1 {[%clk 0:44:21]} Ke7 {[%clk 0:30:14]} 34. Nd4
{[%clk 0:41:05]} Rc4 {[%clk 0:30:12]} 35. Rcf1 {[%clk 0:39:33]} Rxc3
{[%clk 0:28:30]} 36. Rf7+ {[%clk 0:39:46]} Ke8 {[%clk 0:28:39]} 37. e6
{[%clk 0:40:04]} 1-0

[Event "v4camp2016"]
[Site "?"]
[Date "2016.06.25"]
[Round "7.19"]
[White "Cabanova, Kristina"]
[Black "Vavrinkova, Eliska"]
[Result "1/2-1/2"]
[BlackElo "1679"]
[WhiteElo "1591"]
[LiveChessVersion "1.4.8"]

1. Nf3 {[%clk 1:30:56]} d5 {[%clk 1:30:55]} 2. d4 {[%clk 1:31:14]} Nf6
{[%clk 1:31:20]} 3. Bf4 {[%clk 1:31:11]} e6 {[%clk 1:31:00]} 4. e3
{[%clk 1:30:13]} Be7 {[%clk 1:31:18]} 5. c4 {[%clk 1:30:16]} c6 {[%clk 1:31:11]}
6. Nc3 {[%clk 1:29:37]} Nbd7 {[%clk 1:31:07]} 7. Rc1 {[%clk 1:28:52]} O-O
{[%clk 1:30:59]} 8. Bd3 {[%clk 1:28:28]} Re8 {[%clk 1:30:36]} 9. O-O
{[%clk 1:28:19]} Nf8 {[%clk 1:30:45]} 10. c5 {[%clk 1:25:21]} Ng6
{[%clk 1:29:04]} 11. Bg3 {[%clk 1:21:16]} Nd7 {[%clk 1:28:01]} 12. b4
{[%clk 1:19:15]} Bf6 {[%clk 1:27:28]} 13. a4 {[%clk 1:14:59]} e5 {[%clk 1:25:39]}
14. dxe5 {[%clk 1:13:56]} Ndxe5 {[%clk 1:24:38]} 15. Nxe5 {[%clk 1:13:17]} Bxe5
{[%clk 1:21:59]} 16. Bxg6 {[%clk 1:09:47]} hxg6 {[%clk 1:21:51]} 17. Ne2
{[%clk 1:02:30]} Bf5 {[%clk 1:17:25]} 18. Bxe5 {[%clk 0:59:07]} Rxe5
{[%clk 1:16:15]} 19. Ng3 {[%clk 0:59:26]} Qh4 {[%clk 1:15:04]} 20. Qd4
{[%clk 0:58:39]} Qxd4 {[%clk 1:14:23]} 21. exd4 {[%clk 0:59:06]} Re7
{[%clk 1:14:34]} 22. Nxf5 {[%clk 0:58:24]} gxf5 {[%clk 1:14:57]} 23. Rfe1
{[%clk 0:58:47]} Rae8 {[%clk 1:15:03]} 24. Kf1 {[%clk 0:59:03]} Re4
{[%clk 1:13:15]} 25. Rcd1 {[%clk 0:58:57]} Kf8 {[%clk 1:12:47]} 26. g3
{[%clk 0:58:24]} R8e6 {[%clk 1:11:36]} 27. Rxe4 {[%clk 0:58:39]} fxe4
{[%clk 1:08:35]} 28. Ke2 {[%clk 0:58:49]} Rf6 {[%clk 1:07:36]} 29. b5
{[%clk 0:57:03]} g6 {[%clk 1:04:12]} 30. Rb1 {[%clk 0:56:12]} cxb5
{[%clk 1:02:12]} 31. axb5 {[%clk 0:56:10]} Ke7 {[%clk 0:59:40]} 32. Rc1
{[%clk 0:54:18]} Kd7 {[%clk 0:59:25]} 33. Rc3 {[%clk 0:52:37]} a6
{[%clk 0:58:20]} 34. bxa6 {[%clk 0:49:56]} Rxa6 {[%clk 0:57:54]} 35. Rb3
{[%clk 0:50:17]} Kc7 {[%clk 0:56:47]} 36. Ke3 {[%clk 0:49:01]} g5
{[%clk 0:55:43]} 37. h3 {[%clk 0:47:14]} f5 {[%clk 0:54:13]} 38. Rc3
{[%clk 0:45:42]} Rh6 {[%clk 0:53:25]} 39. Rb3 {[%clk 0:45:33]} f4+
{[%clk 0:52:37]} 40. Ke2 {[%clk 0:45:34]} Rxh3 {[%clk 0:52:31]} 41. Rb6
{[%clk 0:44:55]} fxg3 {[%clk 0:52:46]} 42. fxg3 {[%clk 0:45:20]} Rxg3
{[%clk 0:49:26]} 43. Rd6 {[%clk 0:45:12]} Rd3 {[%clk 0:49:24]} 44. Rxd5
{[%clk 0:45:11]} g4 {[%clk 0:49:25]} 45. Rg5 {[%clk 0:42:32]} Rxd4
{[%clk 0:48:42]} 46. Rxg4 {[%clk 0:42:52]} Kc6 {[%clk 0:48:23]} 47. Rg7
{[%clk 0:42:12]} Rb4 {[%clk 0:47:17]} 48. Rg5 {[%clk 0:41:35]} Kb5
{[%clk 0:46:39]} 49. Ke3 {[%clk 0:41:37]} Rc4 {[%clk 0:45:16]} 50. Rg7
{[%clk 0:40:59]} Kc6 {[%clk 0:45:22]} 51. Re7 {[%clk 0:41:06]} Rb4
{[%clk 0:44:45]} 52. Re5 {[%clk 0:40:53]} Rb1 {[%clk 0:43:39]} 53. Kd2
{[%clk 0:39:47]} Rb4 {[%clk 0:43:21]} 54. Ke3 {[%clk 0:40:06]} Kb5
{[%clk 0:43:12]} 55. Rd5 {[%clk 0:38:35]} Rc4 {[%clk 0:41:57]} 56. Rd7
{[%clk 0:36:40]} Kc6 {[%clk 0:41:12]} 57. Re7 {[%clk 0:36:53]} Rxc5
{[%clk 0:40:31]} 58. Rxe4 {[%clk 0:37:14]} b5 {[%clk 0:40:52]} 59. Kd2
{[%clk 0:37:35]} Kb6 {[%clk 0:40:15]} 60. Rb4 {[%clk 0:37:41]} Ka5
{[%clk 0:40:35]} 61. Rb1 {[%clk 0:37:54]} b4 {[%clk 0:40:37]} 62. Ra1+
{[%clk 0:37:52]} Kb5 {[%clk 0:40:58]} 63. Rc1 {[%clk 0:37:39]} Rh5
{[%clk 0:37:17]} 64. Kc2 {[%clk 0:37:56]} Rh3 {[%clk 0:37:31]} 65. Kb2
{[%clk 0:37:52]} Ra3 {[%clk 0:37:01]} 66. Re1 {[%clk 0:37:53]} Ka4
{[%clk 0:36:42]} 67. Rd1 {[%clk 0:37:36]} Rb3+ {[%clk 0:36:20]} 68. Ka2
{[%clk 0:37:25]} Rg3 {[%clk 0:35:54]} 69. Rd2 {[%clk 0:36:51]} b3+
{[%clk 0:35:02]} 70. Kb2 {[%clk 0:37:18]} Kb4 {[%clk 0:34:50]} 71. Rh2
{[%clk 0:37:17]} Kc4 {[%clk 0:33:41]} 72. Rh4+ {[%clk 0:37:36]} Kb5
{[%clk 0:33:59]} 73. Rh2 {[%clk 0:38:00]} 1/2-1/2

[Event "v4camp2016"]
[Site "?"]
[Date "2016.06.25"]
[Round "7.20"]
[White "Gemsova, Tereza"]
[Black "Bobrova, Katarina"]
[Result "0-1"]
[BlackElo "1442"]
[WhiteElo "1457"]
[LiveChessVersion "1.4.8"]

1. e4 {[%clk 1:30:54]} d6 {[%clk 1:30:24]} 2. d4 {[%clk 1:30:50]} Nf6
{[%clk 1:29:32]} 3. Nc3 {[%clk 1:30:55]} g6 {[%clk 1:28:41]} 4. f4
{[%clk 1:29:15]} Bg7 {[%clk 1:26:44]} 5. h3 {[%clk 1:28:13]} b6 {[%clk 1:25:10]}
6. Nf3 {[%clk 1:27:22]} Bb7 {[%clk 1:23:59]} 7. Bd3 {[%clk 1:27:18]} Nbd7
{[%clk 1:21:15]} 8. Be3 {[%clk 1:26:04]} c5 {[%clk 1:16:43]} 9. d5
{[%clk 1:25:53]} e6 {[%clk 1:12:44]} 10. Nb5 {[%clk 1:22:39]} Qb8
{[%clk 1:10:44]} 11. c4 {[%clk 1:21:26]} a6 {[%clk 1:09:59]} 12. Nc3
{[%clk 1:19:55]} O-O {[%clk 1:03:07]} 13. Qc2 {[%clk 1:13:32]} Re8
{[%clk 1:02:23]} 14. O-O {[%clk 1:13:29]} b5 {[%clk 1:00:31]} 15. Bf2
{[%clk 0:57:26]} exd5 {[%clk 1:00:04]} 16. cxd5 {[%clk 0:53:22]} c4
{[%clk 0:50:42]} 17. Be2 {[%clk 0:53:29]} Nc5 {[%clk 0:50:36]} 18. Ne5
{[%clk 0:33:33]} Ncxe4 {[%clk 0:47:27]} 19. Nxe4 {[%clk 0:30:53]} dxe5
{[%clk 0:46:51]} 20. fxe5 {[%clk 0:30:48]} Qxe5 {[%clk 0:44:36]} 21. Nxf6+
{[%clk 0:16:22]} Bxf6 {[%clk 0:44:23]} 22. Rae1 {[%clk 0:15:25]} Qxb2
{[%clk 0:38:40]} 23. Qxb2 {[%clk 0:09:26]} Bxb2 {[%clk 0:39:00]} 24. Bf3
{[%clk 0:09:19]} Rxe1 {[%clk 0:37:46]} 25. Rxe1 {[%clk 0:09:13]} c3
{[%clk 0:36:43]} 26. Bd4 {[%clk 0:05:09]} b4 {[%clk 0:30:32]} 27. d6
{[%clk 0:04:56]} Bxf3 {[%clk 0:30:10]} 28. gxf3 {[%clk 0:05:08]} f5
{[%clk 0:28:09]} 29. d7 {[%clk 0:03:55]} Kf7 {[%clk 0:27:06]} 30. Bb6
{[%clk 0:02:44]} c2 {[%clk 0:25:37]} 31. d8=Q {[%clk 0:01:40]} Rxd8
{[%clk 0:25:54]} 32. Bxd8 {[%clk 0:02:00]} c1=Q {[%clk 0:25:56]} 33. Rxc1
{[%clk 0:02:23]} Bxc1 {[%clk 0:26:11]} 34. Ba5 {[%clk 0:02:45]} Bd2
{[%clk 0:26:04]} 35. Kf2 {[%clk 0:01:56]} b3 {[%clk 0:25:42]} 36. axb3
{[%clk 0:01:10]} Bxa5 {[%clk 0:26:05]} 37. Ke3 {[%clk 0:01:27]} Ke6
{[%clk 0:26:15]} 38. Kd4 {[%clk 0:01:42]} Kd6 {[%clk 0:25:52]} 39. Kc4
{[%clk 0:01:30]} Ke5 {[%clk 0:25:45]} 0-1

[Event "v4camp2016"]
[Site "?"]
[Date "2016.06.25"]
[Round "7.21"]
[White "Gorog, Almos"]
[Black "Szotkowski, David"]
[Result "1-0"]
[BlackElo "1783"]
[WhiteElo "1976"]
[LiveChessVersion "1.4.8"]

1. c4 {[%clk 1:30:58]} e5 {[%clk 1:30:22]} 2. Nc3 {[%clk 1:31:24]} Nf6
{[%clk 1:30:05]} 3. g3 {[%clk 1:31:21]} Bc5 {[%clk 1:29:32]} 4. Bg2
{[%clk 1:30:42]} O-O {[%clk 1:29:06]} 5. e3 {[%clk 1:31:10]} Re8 {[%clk 1:28:48]}
6. Nge2 {[%clk 1:31:17]} Nc6 {[%clk 1:28:41]} 7. O-O {[%clk 1:31:30]} d6
{[%clk 1:23:19]} 8. a3 {[%clk 1:30:40]} a5 {[%clk 1:21:21]} 9. Re1
{[%clk 1:30:25]} Bf5 {[%clk 1:19:11]} 10. d4 {[%clk 1:28:31]} exd4
{[%clk 1:19:01]} 11. exd4 {[%clk 1:28:55]} Nxd4 {[%clk 1:17:07]} 12. Nxd4
{[%clk 1:24:03]} Rxe1+ {[%clk 1:17:26]} 13. Qxe1 {[%clk 1:24:32]} Bxd4
{[%clk 1:17:45]} 14. Nb5 {[%clk 1:17:47]} Bb6 {[%clk 1:17:08]} 15. Bxb7
{[%clk 1:16:56]} Rb8 {[%clk 1:16:57]} 16. Bf3 {[%clk 1:16:06]} Ng4
{[%clk 1:15:01]} 17. Bxg4 {[%clk 1:14:58]} Bxg4 {[%clk 1:12:47]} 18. Be3
{[%clk 1:12:18]} Bxe3 {[%clk 1:07:31]} 19. Qxe3 {[%clk 1:12:44]} Bd7
{[%clk 1:05:23]} 20. a4 {[%clk 0:57:12]} d5 {[%clk 0:58:43]} 21. Rd1
{[%clk 0:51:00]} c6 {[%clk 0:56:36]} 22. Nc3 {[%clk 0:51:23]} Rxb2
{[%clk 0:45:56]} 23. cxd5 {[%clk 0:37:36]} cxd5 {[%clk 0:44:50]} 24. Nxd5
{[%clk 0:37:10]} h6 {[%clk 0:41:37]} 25. Qa7 {[%clk 0:13:21]} Kh8
{[%clk 0:36:31]} 26. Nf4 {[%clk 0:11:35]} Qc8 {[%clk 0:27:14]} 27. Qxd7
{[%clk 0:11:33]} Qc2 {[%clk 0:27:26]} 28. Qd8+ {[%clk 0:11:45]} Kh7
{[%clk 0:27:49]} 29. Qd3+ {[%clk 0:11:55]} Qxd3 {[%clk 0:28:01]} 30. Nxd3
{[%clk 0:11:23]} Ra2 {[%clk 0:27:26]} 31. Nc5 {[%clk 0:11:41]} Rc2
{[%clk 0:27:31]} 32. Nb3 {[%clk 0:11:22]} Rc4 {[%clk 0:27:27]} 33. Rd4
{[%clk 0:11:06]} 1-0

[Event "v4camp2016"]
[Site "?"]
[Date "2016.06.25"]
[Round "7.22"]
[White "Berezjuk, Rostislav"]
[Black "Zlotov, Viktor"]
[Result "1-0"]
[BlackElo "1533"]
[WhiteElo "1588"]
[LiveChessVersion "1.4.8"]

1. d4 {[%clk 1:30:52]} d5 {[%clk 1:30:54]} 2. Bf4 {[%clk 1:31:13]} Nf6
{[%clk 1:30:21]} 3. e3 {[%clk 1:28:15]} e6 {[%clk 1:28:29]} 4. c4
{[%clk 1:26:46]} c5 {[%clk 1:25:46]} 5. Nf3 {[%clk 1:26:59]} Nc6 {[%clk 1:23:32]}
6. Nc3 {[%clk 1:26:37]} Be7 {[%clk 1:21:38]} 7. Nb5 {[%clk 1:24:47]} Qa5+
{[%clk 1:18:15]} 8. Qd2 {[%clk 1:24:16]} Bd8 {[%clk 1:12:54]} 9. Nd6+
{[%clk 1:21:32]} Ke7 {[%clk 1:10:48]} 10. Bd3 {[%clk 1:19:22]} Qxd2+
{[%clk 1:04:48]} 11. Kxd2 {[%clk 1:17:09]} cxd4 {[%clk 1:01:49]} 12. Nxd4
{[%clk 1:13:22]} Ba5+ {[%clk 0:56:21]} 13. Ke2 {[%clk 1:12:25]} Nd7
{[%clk 0:54:05]} 14. cxd5 {[%clk 1:10:47]} Nxd4+ {[%clk 0:52:45]} 15. exd4
{[%clk 1:08:46]} exd5 {[%clk 0:51:44]} 16. Rac1 {[%clk 1:06:44]} g6
{[%clk 0:50:14]} 17. Rc2 {[%clk 1:04:13]} Bb4 {[%clk 0:48:18]} 18. Nb5
{[%clk 1:03:26]} Ba5 {[%clk 0:45:29]} 19. Rhc1 {[%clk 1:02:37]} Nf6
{[%clk 0:41:01]} 20. Nc7 {[%clk 1:00:24]} Bxc7 {[%clk 0:40:46]} 21. Rxc7+
{[%clk 1:00:47]} Nd7 {[%clk 0:40:07]} 22. Bb5 {[%clk 0:59:44]} Rb8
{[%clk 0:34:46]} 23. R7c3 {[%clk 0:52:47]} Ra8 {[%clk 0:33:12]} 24. Re3+
{[%clk 0:52:55]} Kd8 {[%clk 0:31:16]} 25. Bc7# {[%clk 0:53:18]} 1-0